000 00752nam a2200229Ia 4500
003 GCL
008 140319s9999 xx 000 0 ara d
040 _aGCL /
_cGCL
082 0 4 _a889.3081
_bا ن
100 1 _aلويس عوض
245 1 0 _aنداء الأرض /
_cلويس عوض
700 1 _aنعيم عطية
700 1 _aافيروف، ايفانجيلوس
260 _a[S.N] :
_bالهيئة المصرية العامة للكتاب ،
_c1985
300 _a358 ص
490 _aالابداع العالمى
_v0
650 0 4 _aقصص البطولات
650 0 4 _aالقصص التاريخية
650 0 4 _aالقصة اليونانية المترجمة
650 0 4 _aالادب اليونانى المترجم
942 _2ddc
_cBK
999 _c30016
_d30016